000 00775nam a2200253 a 4500
008 951122s1986||||[C 0 slo c
020 _c20 Kčs.
_q(13000 výtl.)
040 _aSNK
_bslo
_cSNK
_eAACR2
041 1 _aslo
_heng
044 _axo
_cSK
080 _a820-3
100 1 _aFitzgerald, Penelope
_4aut
245 1 0 _aĎaleko od brehu
_cPenelope Fitzgerald ; Darina Urbánková, Jozef Olexa, Róbert Brun, Ľubica Štuková
250 _a1., vyd.
260 _aBratislava
_bSmena
_c1986
_eBratislava
_fPravda
300 _a133 s., 7,39 AH
_c21 cm
490 0 _aŠtafeta
500 _aRozlož. tit. list.
700 1 _aUrbánková, Darina
_4trl
700 1 _aOlexa, Jozef
_4[ADC]
700 1 _aBrun, Róbert
_4bkd
700 1 _aŠtuková, Ľubica
_4bkd
958 _aA
999 _c10624
_d10624